000 00242nam a22001097a 4500
003 OSt
008 250204b |||||||| |||| 00| 0 eng d
041 _aeng
100 _aSubramanya, K
_9149
245 _aWater Resources Engineering
942 _cBK
999 _c19285
_d19285